Franz Kafka : (Record no. 200095)

MARC details
000 -LEADER
fixed length control field 01050nam a2200313 a 4500
001 - CONTROL NUMBER
control field vtls000196625
003 - CONTROL NUMBER IDENTIFIER
control field NLI
005 - DATE AND TIME OF LATEST TRANSACTION
control field 20210602113033.0
008 - FIXED-LENGTH DATA ELEMENTS--GENERAL INFORMATION
fixed length control field 101125s1962 nyuh 001 0beng
020 ## - INTERNATIONAL STANDARD BOOK NUMBER
Terms of availability USD 18.00
039 #9 - LEVEL OF BIBLIOGRAPHIC CONTROL AND CODING DETAIL [OBSOLETE]
-- 201011252325
-- VLOAD
040 0# - CATALOGING SOURCE
Original cataloging agency NLI
Language of cataloging eng
Transcribing agency VERGIS-2010
Description conventions AACR2
041 0# - LANGUAGE CODE
Language code of text/sound track or separate title eng
044 ## - COUNTRY OF PUBLISHING/PRODUCING ENTITY CODE
MARC country code nyu
082 04 - DEWEY DECIMAL CLASSIFICATION NUMBER
Classification number 833.91
100 1# - MAIN ENTRY--PERSONAL NAME
Personal name Politzer, Heinz,
Dates associated with a name 1910-1978
9 (RLIN) 374469
245 10 - TITLE STATEMENT
Title Franz Kafka :
Remainder of title parable and paradox /
Statement of responsibility, etc. by Heinz Politzer
260 ## - PUBLICATION, DISTRIBUTION, ETC.
Place of publication, distribution, etc. Ithaca, N.Y. :
Name of publisher, distributor, etc. Cornell University Press,
Date of publication, distribution, etc. 1962
300 ## - PHYSICAL DESCRIPTION
Extent xxi, 376 p. :
Other physical details facsim. ;
Dimensions 25 cm.
504 ## - BIBLIOGRAPHY, ETC. NOTE
Bibliography, etc. note Includes bibliographical references and index
600 10 - SUBJECT ADDED ENTRY--PERSONAL NAME
Personal name Kafka, Franz,
Dates associated with a name 1883-1924
9 (RLIN) 173325
650 #0 - SUBJECT ADDED ENTRY--TOPICAL TERM
Topical term or geographic name entry element Authors, Austrian
Chronological subdivision 20th century
General subdivision Biography
9 (RLIN) 261944
887 ## - NON-MARC INFORMATION FIELD
Content of non-MARC field
901 ## - LOCAL DATA ELEMENT A, LDA (RLIN)
a 356331
b 8.10.1963
902 ## - LOCAL DATA ELEMENT B, LDB (RLIN)
a E 833.91 P 759
942 ## - ADDED ENTRY ELEMENTS (KOHA)
Source of classification or shelving scheme Dewey Decimal Classification
Koha item type Books
949 ## - LOCAL PROCESSING INFORMATION (OCLC)
-- VIRTUAITEM
-- 10000
-- 100
6 PUR000356331ENG
Holdings
Withdrawn status Lost status Damaged status Not for loan Collection code Home library Current library Shelving location Date acquired Total Checkouts Full call number Barcode Date last seen Price effective from Koha item type
        New English National Library of India National Library of India New English - Main Stack Division     E 833.91 P 759 PUR000356331ENG 02/06/2021 02/06/2021 Books
                                                                           
web counter

Copyright ©2020 The National Library of India, Govt. of India ↔ Hosted by NVLI, MOC ↔ Technology and Design by National Library of India, Ministry of Culture, Govt. of India